Normal view
MARC view
- GRANT J.ELIZABETH
Entry Personal Name
001 - CONTROL NUMBER
- control field: 90692
003 - CONTROL NUMBER IDENTIFIER
- control field: NUST
005 - DATE AND TIME OF LATEST TRANSACTION
- control field: 20220321134107.0
008 - FIXED-LENGTH DATA ELEMENTS
- fixed length control field: 220321|| aca||aabn | a|a d
040 ## - CATALOGING SOURCE
- Original cataloging agency: NUST
- Transcribing agency: NUST
100 ## - HEADING--PERSONAL NAME
- Personal name: GRANT J.ELIZABETH
670 ## - SOURCE DATA FOUND
- Source citation: Work cat.: (NUST): GRANT J.ELIZABETH, INTEGRATING BUILDING PERFORMANCE DESIGN /, 2018.
